Catálogo
 En Linea

Apuntes básicos de cooperativismo moderno : (Registro nro. 2536)

Detalles MARC
000 -CABECERA
campo de control de longitud fija 00665nam a2200193 u 4500
001 - NÚMERO DE CONTROL
campo de control 000002700
005 - FECHA Y HORA DE LA ÚLTIMA TRANSACCIÓN
campo de control 20200929150235.0
008 - DATOS DE LONGITUD FIJA--INFORMACIÓN GENERAL
campo de control de longitud fija 090703s2004 dr a r 000 0 spa d
040 ## - FUENTE DE LA CATALOGACIÓN
Centro catalogador/agencia de origen DO-SdBNP
Lengua de catalogación spa
Centro/agencia transcriptor BNPHU
082 ## - NÚMERO DE LA CLASIFICACIÓN DECIMAL DEWEY
Número de clasificación 334
Número de documento/Ítem M538a
100 1# - ENTRADA PRINCIPAL--NOMBRE DE PERSONA
Nombre de persona Méndez, Rafael
9 (RLIN) 8437
245 10 - MENCIÓN DE TÍTULO
Título Apuntes básicos de cooperativismo moderno :
Resto del título propuesta alternativa para un modelo económico /
Mención de responsabilidad, etc. Rafael Méndez.
250 ## - MENCIÓN DE EDICIÓN
Mención de edición 4a ed.
260 ## - PUBLICACIÓN, DISTRIBUCIÓN, ETC.
Lugar de publicación, distribución, etc. Santo Domingo :
Nombre del editor, distribuidor, etc. Editora Simbolo,
Fecha de publicación, distribución, etc. 2004.
500 ## - NOTA GENERAL
Nota general Incluye datos biográficos
650 #4 - PUNTO DE ACCESO ADICIONAL DE MATERIA--TÉRMINO DE MATERIA
Término de materia o nombre geográfico como elemento de entrada Cooperativismo
9 (RLIN) 8303
700 1# - PUNTO DE ACCESO ADICIONAL--NOMBRE DE PERSONA
Nombre de persona Matos Sena, Andrés
Término indicativo de función/relación prólogo
9 (RLIN) 8526
700 1# - PUNTO DE ACCESO ADICIONAL--NOMBRE DE PERSONA
Nombre de persona Méndez, Sary
Término indicativo de función/relación diagramación computarizada
9 (RLIN) 8527
Existencias
Estado de retiro Estado de pérdida Restricciones de uso No para préstamo Código de colección Localización permanente Ubicación/localización actual Ubicación en estantería Fecha de adquisición Número de inventario Total de préstamos Signatura topográfica completa Código de barras Fecha visto por última vez Número de copia Precio válido a partir de Tipo de ítem Koha Fuente de adquisición
        Dominicana de Servicio General General Depósito 03.07.2013 LF1   334 M538a 2700-40 25.06.2020 e.4 25.06.2020 Libro y Folleto Colección Dominicana de Servicio  
        Dominicana de Servicio General General Depósito 03.07.2009 LF1   334 M538a 2700-30 25.06.2020 e.3 25.06.2020 Libro y Folleto Colección Dominicana de Servicio 054499
      Excluido de préstamo Patrimonio Dominicano Patrimonio Dominicano Patrimonio Dominicano Depósito 03.07.2009 LF1   334 M538a 2700-10 25.06.2020   25.06.2020 Libro y Folleto Colección Patrimonio Dominicano 054497
      Excluido de préstamo Patrimonio Dominicano Patrimonio Dominicano Patrimonio Dominicano Depósito 03.07.2009 LF1   334 M538a 2700-20 25.06.2020 e.2 25.06.2020 Libro y Folleto Colección Patrimonio Dominicano 054498

Con tecnología Koha